Флаги Европейских стран - Statistics

General Stats
  • This quiz has been taken 177 times
  • The average score is 20 of 43
Answers on the Map
Answers color-coded by a green-red scale on the quiz's map according to % correct below.
 
Answer Stats
Answer % Correct
Украина
62%
Белоруссия
61%
Бельгия
60%
Испания
58%
Греция
58%
Албания
58%
Великобритания
57%
Франция
56%
Германия
55%
Италия
55%
Ирландия
52%
Португалия
51%
Эстония
51%
Финляндия
50%
Северная Македония
50%
Ватикан
50%
Норвегия
49%
Болгария
49%
Австрия
49%
Чехия
48%
Нидерланды
48%
Босния и Герцеговина
47%
Дания
46%
Польша
45%
Сан-Марино
45%
Исландия
44%
Швеция
42%
Венгрия
42%
Румыния
41%
Швейцария
40%
Молдавия
40%
Андорра
39%
Литва
38%
Сербия
37%
Хорватия
37%
Люксембург
37%
Латвия
36%
Черногория
36%
Словения
35%
Мальта
35%
Словакия
34%
Монако
32%
Лихтенштейн
31%
No matching quizzes found
Score Distribution
Percent of People with Each Score
Percentile by Number Answered
Your Score History
You have not taken this quiz